000 00783cam a2200253 a 4500
008
020 _a9781437711622 (pbk.)
049 _aMAIN
090 _aRK309
_bIAN
100 1 _aIannucci, Joen M.
245 1 0 _aDental radiography :
_bprinciples and techniques /
_cJoen M. Iannucci, Laura Jansen Howerton.
250 _a4th ed.
260 _aSt. Louis :
_bElsevier Saunders,
_cc2012.
300 _axvi, 466 p. :
_bill. (some col.) ;
_c28 cm.
504 _aIncludes bibliographical references.
500 _aIncludes index.
650 0 _aTeeth
_xRadiography.
700 1 _aHowerton, Laura Jansen.
907 _a.b10364675
_b11-12-18
_c02-11-15
003
005 20230120204215.0
040 _cNUST
942 _cBOOKS
_kRK309
_mIAN
999 _c119055
_d119055